Geophysical interpretation of the gneiss terrane of northern Washington and southern British Columbia, and its implications for uranium exploration /

Bibliographic Details
Main Authors: Cady, John W. (Author), Fox, Kenneth F. (Author)
Format: Government Document eBook
Language:English
Published: Washington : United States Department of the Interior, Geological Survey, 1984.
Series:Geological Survey professional paper ; 1260.
Subjects:
Online Access:https://purl.fdlp.gov/GPO/gpo91270

MARC

Tag First Indicator Second Indicator Subfields
LEADER 00000cam a2200000 i 4500
001 in00004041985
005 20181023093618.0
006 m o d f
007 cr mn|||||||||
008 141123s1984 dcuabf ob f000 0 eng c
035 |a (OCoLC)ocn896810762 
040 |a COP  |b eng  |e rda  |e pn  |c COP  |d OCLCO  |d OCLCF  |d GPO  |d MvI  |d UtOrBLW 
042 |a pcc 
043 |a n-us-wa  |a n-cn-bc 
049 |a WWW 
074 |a 0624 (online) 
086 0 |a I 19.16:1260 
100 1 |a Cady, John W.,  |e author.  |0 http://id.loc.gov/authorities/names/n81147075 
245 1 0 |a Geophysical interpretation of the gneiss terrane of northern Washington and southern British Columbia, and its implications for uranium exploration /  |c by John W. Cady and Kenneth F. Fox, Jr. 
264 1 |a Washington :  |b United States Department of the Interior, Geological Survey,  |c 1984. 
300 |a 1 online resource (iii, 29 pages) :  |b illustrations, maps +  |e 1 plate. 
336 |a text  |b txt  |2 rdacontent 
337 |a computer  |b c  |2 rdamedia 
338 |a online resource  |b cr  |2 rdacarrier 
490 1 |a Geological Survey professional paper ;  |v 1260 
500 |a Title from title screen (viewed October 14, 2014). 
500 |a "Gravity highs suggest that gneiss domes of the Omineca crystalline belt are the surface expression of a zone of dense infrastructure." 
504 |a Includes bibliographical references (pages 26-29). 
650 0 |a Gneiss  |z Washington (State) 
650 0 |a Gneiss  |z British Columbia. 
650 0 |a Uranium ores  |z Washington (State) 
650 0 |a Uranium ores  |z British Columbia. 
650 7 |a Gneiss.  |2 fast  |0 (OCoLC)fst00943874 
650 7 |a Uranium ores.  |2 fast  |0 (OCoLC)fst01162328 
651 7 |a British Columbia.  |2 fast  |0 (OCoLC)fst01205265 
651 7 |a Washington (State)  |2 fast  |0 (OCoLC)fst01204703 
700 1 |a Fox, Kenneth F.,  |e author.  |0 http://id.loc.gov/authorities/names/n50023158 
710 2 |a Geological Survey (U.S.),  |e issuing body.  |0 http://id.loc.gov/authorities/names/n80092173 
776 0 8 |i Print version:  |a Cady, John W.  |t Geophysical interpretation of the gneiss terrane of northern Washington and southern British Columbia, and its implications for uranium exploration  |w (DLC) 81607564  |w (OCoLC)8111167 
830 0 |a Geological Survey professional paper ;  |v 1260.  |0 http://id.loc.gov/authorities/names/n42012105 
856 4 0 |u https://purl.fdlp.gov/GPO/gpo91270  |t 0 
999 f f |s 79bc101a-9d08-3cc9-8a77-a6fac15ff2fd  |i 27d4f628-48c0-37d5-8194-4630a3585f26  |t 0 
952 f f |a Texas A&M University  |b College Station  |c Electronic Resources  |d Available Online  |t 0  |e I 19.16:1260  |h Superintendent of Documents classification 
998 f f |a I 19.16:1260  |t 0  |l Available Online